000 00696nam a2200265Ia 4500
001 16800
003 GE_BSU
008 181216s||||||||xx |||||||||||||| ||und||
020 _a9781471507878
040 _cGE_BSU
080 _a811.111(075.8)(076)
100 _aEvans, Virginia. Dooley,Jenny
245 _aPrime Time 5. American English. Student Book & workbook
260 _aNewbury
260 _bExpress Publishing
260 _c2013
300 _a182p.ill.30cm.
300 _e+CD 5 Student's
541 _h95Gel.73T.
653 _aAmerican English
653 _aPrime Time
653 _aStudent Book & workbook
653 _aინგლისური ენა
942 _cBK
999 _c49865
_d49865